[Event "Torneo Distrito Chamartin 2015"]
[Site "Madrid ESP"]
[Date "2015.09.06"]
[Round "1.1"]
[White "Vazquez Igarza, Renier"]
[Black "Anton Quevedo, Andrea"]
[Result "1-0"]
[WhiteElo "2560"]
[BlackElo "1724"]
[PlyCount "63"]
[EventDate "2015.09.06"]
[EventType "swiss"]
[EventRounds "9"]
[EventCountry "ESP"]
[SourceTitle "Ajedrez en Madrid"]
[Source "lmi"]
[SourceDate "2015.09.06"]
[SourceVersion "1"]
[SourceVersionDate "2015.09.17"]
[SourceQuality "1"]

1. Nf3 Nf6 2. c4 g6 3. b4 Bg7 4. Bb2 O-O 5. g3 b6 6. Bg2 Bb7 7. O-O d5 8. cxd5
Bxd5 9. Nc3 Bb7 10. Qb3 Nbd7 11. d4 Rb8 12. Rfd1 e6 13. b5 Nd5 14. Rac1 c6 15.
bxc6 Bxc6 16. Nb5 Bxb5 17. Qxb5 a5 18. Ne5 Nxe5 19. dxe5 Qe7 20. Bxd5 exd5 21.
Rxd5 Qe6 22. Rc6 Qf5 23. Qd3 Qg4 24. Rc4 Qe6 25. Rd6 Qe7 26. Qd5 Rfd8 27. Rcc6
Rxd6 28. exd6 Qb7 29. Bxg7 Kxg7 30. d7 Qa8 31. Qe5+ Kh6 32. Rc4 1-0

[Event "Torneo Distrito Chamartin 2015"]
[Site "Madrid ESP"]
[Date "2015.09.06"]
[Round "1.2"]
[White "Soto Martin, Miguel"]
[Black "Moreno Ruiz, Javier"]
[Result "0-1"]
[WhiteElo "1716"]
[BlackElo "2457"]
[PlyCount "80"]
[EventDate "2015.09.06"]
[EventType "swiss"]
[EventRounds "9"]
[EventCountry "ESP"]
[SourceTitle "Ajedrez en Madrid"]
[Source "lmi"]
[SourceDate "2015.09.06"]
[SourceVersion "1"]
[SourceVersionDate "2015.09.17"]
[SourceQuality "1"]

1. d4 Nf6 2. Nf3 g6 3. g3 Bg7 4. Bg2 O-O 5. O-O d6 6. b3 c5 7. Bb2 cxd4 8. Nxd4
d5 9. Nd2 e5 10. N4f3 e4 11. Nd4 Nc6 12. c4 Qb6 13. cxd5 Nxd4 14. Nc4 Nxe2+ 15.
Qxe2 Qa6 16. Bxf6 Bxf6 17. Rad1 Re8 18. Bxe4 Bh3 19. Rfe1 Bc3 20. Nd2 Qxa2 21.
Qd3 Bb4 22. Qd4 a5 23. Re3 Bxd2 24. Qxd2 Qxd2 25. Rxd2 Rac8 26. Bc2 Rxe3 27.
fxe3 Kf8 28. Kf2 Ke7 29. d6+ Kd7 30. Be4 b6 31. Bd5 Be6 32. e4 f6 33. Ke2 Bxd5
34. Rxd5 Rc5 35. Rd3 Rc6 36. Rf3 Rxd6 37. Rf4 Ke6 38. Rh4 Rd7 39. g4 Ke5 40.
Ke3 b5 0-1

[Event "Torneo Distrito Chamartin 2015"]
[Site "Madrid ESP"]
[Date "2015.09.06"]
[Round "1.3"]
[White "Perez Mitjans, Orelvis"]
[Black "Baldus Martin, Juan"]
[Result "1-0"]
[WhiteElo "2445"]
[BlackElo "1693"]
[PlyCount "43"]
[EventDate "2015.09.06"]
[EventType "swiss"]
[EventRounds "9"]
[EventCountry "ESP"]
[SourceTitle "Ajedrez en Madrid"]
[Source "lmi"]
[SourceDate "2015.09.06"]
[SourceVersion "1"]
[SourceVersionDate "2015.09.17"]
[SourceQuality "1"]

1. e4 c5 2. Nf3 d6 3. d4 cxd4 4. Nxd4 Nf6 5. f3 a6 6. c4 g6 7. Nc3 Bg7 8. Be3
Nc6 9. Be2 O-O 10. Qd2 Qc7 11. O-O Bd7 12. Rac1 e6 13. Rfd1 Rfd8 14. Nd5 exd5
15. cxd5 Be8 16. b4 Rac8 17. dxc6 Bxc6 18. Nxc6 bxc6 19. Bxa6 Rb8 20. a4 d5 21.
e5 Qxe5 22. Bf4 1-0

[Event "Torneo Distrito Chamartin 2015"]
[Site "Madrid ESP"]
[Date "2015.09.06"]
[Round "1.4"]
[White "Martinez Miura, Enrique"]
[Black "Roa Alonso, Santiago"]
[Result "0-1"]
[WhiteElo "1693"]
[BlackElo "2383"]
[PlyCount "56"]
[EventDate "2015.09.06"]
[EventType "swiss"]
[EventRounds "9"]
[EventCountry "ESP"]
[SourceTitle "Ajedrez en Madrid"]
[Source "lmi"]
[SourceDate "2015.09.06"]
[SourceVersion "1"]
[SourceVersionDate "2015.09.17"]
[SourceQuality "1"]

1. e4 d6 2. d4 Nf6 3. Nc3 g6 4. Nf3 Bg7 5. h3 O-O 6. Be3 Na6 7. Be2 c5 8. dxc5
Nxc5 9. Bxc5 dxc5 10. Qxd8 Rxd8 11. O-O b6 12. Bc4 e6 13. Rfe1 Bb7 14. Rab1 Nd7
15. Nb5 Ne5 16. Nxe5 Bxe5 17. c3 a6 18. Na3 b5 19. Bf1 Rd2 20. f3 Rad8 21. Re2
Rxe2 22. Bxe2 Rd2 23. Kf1 Bg3 24. Rd1 Rxb2 25. Rd8+ Kg7 26. Rd7 Rxa2 27. Rxb7
Rxa3 28. Bd1 Rxc3 0-1

[Event "Torneo Distrito Chamartin 2015"]
[Site "Madrid ESP"]
[Date "2015.09.06"]
[Round "1.5"]
[White "Hernando Pertierra, Jose C"]
[Black "Leniz Martinez, Francisco"]
[Result "1-0"]
[WhiteElo "2376"]
[BlackElo "1689"]
[PlyCount "111"]
[EventDate "2015.09.06"]
[EventType "swiss"]
[EventRounds "9"]
[EventCountry "ESP"]
[SourceTitle "Ajedrez en Madrid"]
[Source "lmi"]
[SourceDate "2015.09.06"]
[SourceVersion "1"]
[SourceVersionDate "2015.09.17"]
[SourceQuality "1"]

1. Nf3 c5 2. e4 e6 3. Nc3 a6 4. d4 cxd4 5. Nxd4 Qc7 6. g3 Nf6 7. Bg2 Be7 8. O-O
O-O 9. a4 d6 10. h3 Bd7 11. Be3 Nc6 12. Nxc6 Bxc6 13. a5 Rac8 14. Bb6 Qb8 15.
Re1 Rfe8 16. Na4 d5 17. e5 Nd7 18. Bd4 Bb5 19. c3 Bd8 20. b4 b6 21. axb6 Bxb6
22. Nxb6 Nxb6 23. f4 Bc4 24. g4 Nd7 25. Bf1 Bxf1 26. Rxf1 Qb7 27. Qd3 Rc4 28.
Ra2 Nf8 29. Bc5 Nd7 30. Bd4 Nb8 31. Ra5 Nc6 32. Rc5 Nxd4 33. Rxc4 dxc4 34. Qxd4
Qc8 35. Rd1 g6 36. Kf2 Kg7 37. h4 Qc7 38. h5 h6 39. hxg6 Kxg6 40. Qd7 Qb6+ 41.
Rd4 Rb8 42. Ke3 a5 43. f5+ Kg7 44. fxe6 Rb7 45. Qd6 fxe6 46. Qxb6 Rxb6 47. bxa5
Rb5 48. a6 Rxe5+ 49. Re4 Rd5 50. Rxe6 Rd3+ 51. Ke4 Rxc3 52. Kd4 Rc1 53. Rc6 Ra1
54. Kxc4 Ra4+ 55. Kb5 Rxg4 56. a7 1-0

[Event "Torneo Distrito Chamartin 2015"]
[Site "Madrid ESP"]
[Date "2015.09.06"]
[Round "1.6"]
[White "Sorribes Calle, Pablo"]
[Black "Martin Duque, Jesus"]
[Result "0-1"]
[WhiteElo "1687"]
[BlackElo "2374"]
[PlyCount "94"]
[EventDate "2015.09.06"]
[EventType "swiss"]
[EventRounds "9"]
[EventCountry "ESP"]
[SourceTitle "Ajedrez en Madrid"]
[Source "lmi"]
[SourceDate "2015.09.06"]
[SourceVersion "1"]
[SourceVersionDate "2015.09.17"]
[SourceQuality "1"]

1. d4 Nf6 2. c4 c6 3. Nc3 d5 4. e3 Bf5 5. Nf3 e6 6. cxd5 exd5 7. a3 Bd6 8. b4
O-O 9. g3 Nbd7 10. Na4 a5 11. Nc5 Qc7 12. Nxd7 Bxd7 13. Bd2 Ne4 14. bxa5 Nxd2
15. Qxd2 Rxa5 16. Bg2 Rxa3 17. O-O Rfa8 18. Rxa3 Rxa3 19. Qc2 h6 20. Rc1 Qa5
21. e4 dxe4 22. Qxe4 Ra1 23. Rxa1 Qxa1+ 24. Qe1 Qxe1+ 25. Nxe1 Bf5 26. f4 Kf8
27. Kf2 Ke7 28. Ke3 f6 29. Be4 Be6 30. f5 Bf7 31. Nd3 Kd7 32. Kd2 b6 33. Kc3
Kc7 34. Nb4 Bxb4+ 35. Kxb4 Kd6 36. Bd3 Bd5 37. Kc3 Bf3 38. Kd2 c5 39. Kc3 Bd5
40. Ba6 Be4 41. Bc8 b5 42. Be6 Bd5 43. Bc8 b4+ 44. Kd3 c4+ 45. Kc2 Be4+ 46. Kd2
c3+ 47. Ke3 b3 0-1

[Event "Torneo Distrito Chamartin 2015"]
[Site "Madrid ESP"]
[Date "2015.09.06"]
[Round "1.7"]
[White "Bolado Saez, Sergio"]
[Black "Rodriguez Bachiller, Luis"]
[Result "1-0"]
[WhiteElo "2365"]
[BlackElo "1685"]
[PlyCount "57"]
[EventDate "2015.09.06"]
[EventType "swiss"]
[EventRounds "9"]
[EventCountry "ESP"]
[SourceTitle "Ajedrez en Madrid"]
[Source "lmi"]
[SourceDate "2015.09.06"]
[SourceVersion "1"]
[SourceVersionDate "2015.09.17"]
[SourceQuality "1"]

1. d4 Nf6 2. c4 e6 3. Nf3 Be7 4. Nc3 d5 5. Bf4 Bd7 6. e3 O-O 7. h3 c6 8. Qc2
Na6 9. a3 Nc7 10. c5 Rc8 11. Bd3 Nce8 12. g4 g6 13. Ne5 Ng7 14. h4 Ne4 15. Nxe4
dxe4 16. Bxe4 Be8 17. O-O-O f6 18. Nc4 b5 19. Nd6 Ra8 20. Rdg1 f5 21. gxf5 exf5
22. Bf3 Ne6 23. Qb3 Rf6 24. Nxf5 Bf7 25. Nh6+ Kf8 26. Nxf7 Kxf7 27. h5 Kg7 28.
Be5 Qe8 29. Qxe6 1-0

[Event "Torneo Distrito Chamartin 2015"]
[Site "Madrid ESP"]
[Date "2015.09.06"]
[Round "1.8"]
[White "Martinez Pintor, Juan"]
[Black "Martinez Reyes, Pedro Ramon"]
[Result "0-1"]
[WhiteElo "1684"]
[BlackElo "2358"]
[PlyCount "54"]
[EventDate "2015.09.06"]
[EventType "swiss"]
[EventRounds "9"]
[EventCountry "ESP"]
[SourceTitle "Ajedrez en Madrid"]
[Source "lmi"]
[SourceDate "2015.09.06"]
[SourceVersion "1"]
[SourceVersionDate "2015.09.17"]
[SourceQuality "1"]

1. d4 Nf6 2. Nf3 b5 3. e3 a6 4. Bd3 Bb7 5. Nbd2 d5 6. O-O Nbd7 7. Qe2 c5 8. c3
e6 9. e4 cxd4 10. Nxd4 Nc5 11. exd5 Qxd5 12. N2f3 Nxd3 13. Qxd3 Bd6 14. Rd1 Rd8
15. Be3 O-O 16. Qe2 Qh5 17. h3 Nd5 18. Ne1 Qxe2 19. Nxe2 Nxe3 20. fxe3 Bc5 21.
Nc2 Be4 22. Ncd4 e5 23. Nf3 Bxe3+ 24. Kf1 f6 25. Ng3 Bc2 26. Rxd8 Rxd8 27. Re1
Bd3+ 0-1

[Event "Torneo Distrito Chamartin 2015"]
[Site "Madrid ESP"]
[Date "2015.09.06"]
[Round "1.9"]
[White "Elissalt Cardenas, Hector"]
[Black "Barragan Panal, Juan Jose"]
[Result "1-0"]
[WhiteElo "2350"]
[BlackElo "1668"]
[PlyCount "85"]
[EventDate "2015.09.06"]
[EventType "swiss"]
[EventRounds "9"]
[EventCountry "ESP"]
[SourceTitle "Ajedrez en Madrid"]
[Source "lmi"]
[SourceDate "2015.09.06"]
[SourceVersion "1"]
[SourceVersionDate "2015.09.17"]
[SourceQuality "1"]

1. Nf3 Nf6 2. c4 g6 3. Nc3 Bg7 4. g3 d6 5. Bg2 O-O 6. O-O e5 7. d3 Na6 8. Rb1
c6 9. b4 Bd7 10. Bd2 Re8 11. e4 Nc7 12. Qc1 Ne6 13. Bh6 Ng4 14. Bxg7 Kxg7 15.
h3 Nh6 16. Qd2 f6 17. d4 Qc8 18. Kh2 Nf7 19. d5 Neg5 20. Nxg5 Nxg5 21. h4 Nf7
22. dxc6 bxc6 23. b5 Be6 24. Rfc1 Rb8 25. Bf1 Qd7 26. a4 Red8 27. a5 f5 28. b6
axb6 29. axb6 Qb7 30. Rb2 Ra8 31. Qe1 fxe4 32. Nxe4 Bf5 33. c5 d5 34. Nd6 Nxd6
35. Qxe5+ Kf7 36. cxd6 Re8 37. Qc3 Bd7 38. h5 Re6 39. Bh3 Rxd6 40. Qe5 Rf6 41.
Bxd7 Qxd7 42. b7 Re8 43. b8=Q 1-0

[Event "Torneo Distrito Chamartin 2015"]
[Site "Madrid ESP"]
[Date "2015.09.06"]
[Round "1.10"]
[White "Sanchez Ortega, Ivan"]
[Black "Fernandez Lledo, Javier"]
[Result "0-1"]
[WhiteElo "1645"]
[BlackElo "2286"]
[PlyCount "127"]
[EventDate "2015.09.06"]
[EventType "swiss"]
[EventRounds "9"]
[EventCountry "ESP"]
[SourceTitle "Ajedrez en Madrid"]
[Source "lmi"]
[SourceDate "2015.09.06"]
[SourceVersion "1"]
[SourceVersionDate "2015.09.17"]
[SourceQuality "1"]

1. e4 c5 2. Nf3 d6 3. Bb5+ Nd7 4. d4 a6 5. Be2 cxd4 6. Nxd4 Ngf6 7. Nc3 b5 8.
Bf3 Ne5 9. a3 Bb7 10. O-O e6 11. Bg5 Be7 12. Re1 Qb6 13. Be3 Qc7 14. Qe2 h5 15.
Rad1 Nfg4 16. Bc1 Bh4 17. Rf1 Bf6 18. h3 Nxf3+ 19. Qxf3 Ne5 20. Qe2 Rd8 21.
Rfe1 Kf8 22. Bf4 Qc4 23. Be3 Qxe2 24. Ndxe2 Ke7 25. Nd4 Nc4 26. Bc1 Rc8 27. f3
Nxa3 28. bxa3 Rxc3 29. Re2 Rhc8 30. Bb2 Bxd4+ 31. Rxd4 Rxc2 32. Rdd2 Rxd2 33.
Rxd2 f6 34. Kf2 Rc4 35. Ke3 e5 36. g4 h4 37. Rg2 g5 38. Rd2 Ke6 39. Kd3 d5 40.
exd5+ Bxd5 41. Ke3 Rf4 42. Rf2 a5 43. Bc3 b4 44. axb4 axb4 45. Bb2 b3 46. Bc3
Kd6 47. Ke2 Kc5 48. Ke3 Rxf3+ 49. Rxf3 Bxf3 50. Kxf3 Kc4 51. Bb2 Kd3 52. Kf2
Kc2 53. Ba3 b2 54. Bxb2 Kxb2 55. Ke2 Kc3 56. Ke3 Kc4 57. Ke4 Kc5 58. Kf5 Kd5
59. Kxf6 e4 60. Kxg5 e3 61. Kxh4 e2 62. Kh5 e1=Q 63. h4 Ke6 64. Kg5 0-1

[Event "Torneo Distrito Chamartin 2015"]
[Site "Madrid ESP"]
[Date "2015.09.07"]
[Round "2.1"]
[White "Perdomo Araujo, Angel Eduardo"]
[Black "Vazquez Igarza, Renier"]
[Result "0-1"]
[WhiteElo "2031"]
[BlackElo "2560"]
[PlyCount "116"]
[EventDate "2015.09.06"]
[EventType "swiss"]
[EventRounds "9"]
[EventCountry "ESP"]
[SourceTitle "Ajedrez en Madrid"]
[Source "lmi"]
[SourceDate "2015.09.06"]
[SourceVersion "1"]
[SourceVersionDate "2015.09.17"]
[SourceQuality "1"]

1. e4 c5 2. Nf3 e6 3. c4 Nc6 4. d4 cxd4 5. Nxd4 Nf6 6. Nc3 Bb4 7. Nxc6 bxc6 8.
Bd3 e5 9. O-O O-O 10. Kh1 d6 11. Bg5 h6 12. Bd2 Bc5 13. f3 Be6 14. Qe1 Rb8 15.
b3 Re8 16. Qh4 d5 17. cxd5 cxd5 18. exd5 Nxd5 19. Qxd8 Rexd8 20. Rad1 Ne3 21.
Bxe3 Bxe3 22. Be4 Bd4 23. Ne2 Bb2 24. g4 g6 25. Bc2 Kg7 26. Rxd8 Rxd8 27. Rd1
Rxd1+ 28. Bxd1 f5 29. h3 Kf6 30. Bc2 Kg5 31. Kg2 h5 32. gxf5 gxf5 33. Ng3 h4
34. Ne2 Bd5 35. Kf2 Ba3 36. Bd3 Bc5+ 37. Kg2 Bc6 38. Bc4 Bb4 39. Kf2 Bd2 40.
Be6 Bb5 41. Bd5 Kf6 42. Bg8 Ke7 43. a3 a5 44. f4 exf4 45. Bd5 Kd6 46. Ba8 Ke5
47. Ng1 Be3+ 48. Kg2 Bxg1 49. Kxg1 Kd4 50. Kf2 Kc3 51. Bd5 Bd3 52. b4 Be4 53.
Bxe4 fxe4 54. b5 Kd2 55. b6 e3+ 56. Kf3 e2 57. b7 e1=Q 58. b8=Q Kc2 0-1

[Event "Torneo Distrito Chamartin 2015"]
[Site "Madrid ESP"]
[Date "2015.09.07"]
[Round "2.2"]
[White "Moreno Ruiz, Javier"]
[Black "De La Orden Alcocer, Alejandro"]
[Result "1-0"]
[WhiteElo "2457"]
[BlackElo "2018"]
[PlyCount "61"]
[EventDate "2015.09.06"]
[EventType "swiss"]
[EventRounds "9"]
[EventCountry "ESP"]
[SourceTitle "Ajedrez en Madrid"]
[Source "lmi"]
[SourceDate "2015.09.06"]
[SourceVersion "1"]
[SourceVersionDate "2015.09.17"]
[SourceQuality "1"]

1. d4 d5 2. c4 Bf5 3. cxd5 Bxb1 4. Qa4+ c6 5. dxc6 Nxc6 6. Rxb1 e5 7. Bd2 Qxd4
8. Qxd4 Nxd4 9. e3 Nc6 10. Bb5 a6 11. Bxc6+ bxc6 12. Nf3 Bd6 13. Ke2 f6 14.
Rhd1 O-O-O 15. Rbc1 Ne7 16. e4 Rd7 17. Rc4 Rhd8 18. Ra4 Kb7 19. Be3 Nc8 20. Rd3
Nb6 21. Rb3 c5 22. Nd2 Ka7 23. Ra5 g6 24. Rba3 f5 25. Rxa6+ Kb7 26. f3 Bb8 27.
Nb3 Bd6 28. Ra7+ Kc6 29. Na5+ Kb5 30. Rb3+ Ka4 31. Nb7# 1-0

[Event "Torneo Distrito Chamartin 2015"]
[Site "Madrid ESP"]
[Date "2015.09.07"]
[Round "2.4"]
[White "Roa Alonso, Santiago"]
[Black "Pinel Mirasierra, Jose Pablo"]
[Result "1-0"]
[WhiteElo "2383"]
[BlackElo "1967"]
[PlyCount "45"]
[EventDate "2015.09.06"]
[EventType "swiss"]
[EventRounds "9"]
[EventCountry "ESP"]
[SourceTitle "Ajedrez en Madrid"]
[Source "lmi"]
[SourceDate "2015.09.06"]
[SourceVersion "1"]
[SourceVersionDate "2015.09.17"]
[SourceQuality "1"]

1. e4 c6 2. d3 d5 3. Nd2 e5 4. Ngf3 Bd6 5. Be2 Ne7 6. O-O O-O 7. Re1 Bg4 8.
exd5 cxd5 9. Nxe5 Bxe2 10. Rxe2 Qc7 11. d4 Nbc6 12. Ndf3 Ng6 13. Nd3 Rfe8 14.
Bd2 Re4 15. c3 Rae8 16. Re3 f5 17. Qb3 Nce7 18. Rae1 Qc4 19. Qxc4 dxc4 20. Nde5
Rxe3 21. Bxe3 Bxe5 22. Nxe5 f4 23. Bd2 1-0

[Event "Torneo Distrito Chamartin 2015"]
[Site "Madrid ESP"]
[Date "2015.09.07"]
[Round "2.6"]
[White "Martin Duque, Jesus"]
[Black "Andalon Gomez, Carlos J"]
[Result "1-0"]
[WhiteElo "2374"]
[BlackElo "1950"]
[PlyCount "53"]
[EventDate "2015.09.06"]
[EventType "swiss"]
[EventRounds "9"]
[EventCountry "ESP"]
[SourceTitle "Ajedrez en Madrid"]
[Source "lmi"]
[SourceDate "2015.09.06"]
[SourceVersion "1"]
[SourceVersionDate "2015.09.17"]
[SourceQuality "1"]

1. e4 e6 2. d4 d5 3. e5 c5 4. c3 Nc6 5. Nf3 Bd7 6. Be2 f6 7. O-O Qc7 8. Re1 Nh6
9. exf6 gxf6 10. dxc5 Nf5 11. b4 O-O-O 12. Na3 Ne5 13. Nd4 Rg8 14. Nxf5 exf5
15. g3 Be8 16. Nc2 Ng6 17. Nd4 Bd7 18. Kh1 f4 19. Bg4 fxg3 20. fxg3 Ne5 21.
Bxd7+ Qxd7 22. Bf4 Qh3 23. Qe2 Re8 24. c6 Bh6 25. cxb7+ Kxb7 26. Qb5+ Ka8 27.
Qxd5+ 1-0

[Event "Torneo Distrito Chamartin 2015"]
[Site "Madrid ESP"]
[Date "2015.09.07"]
[Round "2.7"]
[White "Morona Minguez, Miguel"]
[Black "Bolado Saez, Sergio"]
[Result "0-1"]
[WhiteElo "1932"]
[BlackElo "2365"]
[PlyCount "62"]
[EventDate "2015.09.06"]
[EventType "swiss"]
[EventRounds "9"]
[EventCountry "ESP"]
[SourceTitle "Ajedrez en Madrid"]
[Source "lmi"]
[SourceDate "2015.09.06"]
[SourceVersion "1"]
[SourceVersionDate "2015.09.17"]
[SourceQuality "1"]

1. e4 c5 2. Nf3 d6 3. d4 cxd4 4. Nxd4 Nf6 5. Nc3 a6 6. f4 Qc7 7. Be2 b5 8. Bf3
Bb7 9. a3 e6 10. Be3 Nbd7 11. Nb3 Rc8 12. Qe2 Be7 13. O-O O-O 14. Rad1 Nb6 15.
Na5 Ba8 16. Rc1 Na4 17. Nxa4 bxa4 18. Qxa6 Nxe4 19. Bb6 Qd7 20. Be2 Bf6 21. Bb5
Qe7 22. c3 d5 23. Bxa4 Qd6 24. Qa7 Nc5 25. Bb5 d4 26. b4 Qd5 27. Rf3 dxc3 28.
Bxc5 Rxc5 29. bxc5 Bd4+ 30. Kh1 Qxf3 31. Bf1 Qf2 0-1

[Event "Torneo Distrito Chamartin 2015"]
[Site "Madrid ESP"]
[Date "2015.09.07"]
[Round "2.8"]
[White "Martinez Reyes, Pedro Ramon"]
[Black "Cemborain Oricain, Alfonso"]
[Result "1-0"]
[WhiteElo "2358"]
[BlackElo "1939"]
[PlyCount "51"]
[EventDate "2015.09.06"]
[EventType "swiss"]
[EventRounds "9"]
[EventCountry "ESP"]
[SourceTitle "Ajedrez en Madrid"]
[Source "lmi"]
[SourceDate "2015.09.06"]
[SourceVersion "1"]
[SourceVersionDate "2015.09.17"]
[SourceQuality "1"]

1. e4 Nf6 2. e5 Nd5 3. d4 d6 4. c4 Nb6 5. Nf3 g6 6. e6 Bxe6 7. d5 Bf5 8. Qd4
Rg8 9. Qh4 h6 10. Nc3 e5 11. dxe6 fxe6 12. Qg3 Nc6 13. Be2 Qf6 14. O-O O-O-O
15. a4 g5 16. a5 Nd7 17. a6 b6 18. Be3 Be7 19. Nb5 Kb8 20. Nfd4 Nce5 21. Bf3 g4
22. Bc6 h5 23. Nxa7 h4 24. Nab5 Nxc6 25. Nxc6+ Kc8 26. Nba7# 1-0

[Event "Torneo Distrito Chamartin 2015"]
[Site "Madrid ESP"]
[Date "2015.09.07"]
[Round "2.9"]
[White "Garcia Esteban, Ignacio"]
[Black "Elissalt Cardenas, Hector"]
[Result "0-1"]
[WhiteElo "1892"]
[BlackElo "2350"]
[PlyCount "52"]
[EventDate "2015.09.06"]
[EventType "swiss"]
[EventRounds "9"]
[EventCountry "ESP"]
[SourceTitle "Ajedrez en Madrid"]
[Source "lmi"]
[SourceDate "2015.09.06"]
[SourceVersion "1"]
[SourceVersionDate "2015.09.17"]
[SourceQuality "1"]

1. e4 d6 2. d4 Nf6 3. Nc3 e5 4. dxe5 dxe5 5. Qxd8+ Kxd8 6. Bg5 Nbd7 7. O-O-O
Bd6 8. Nb5 Ke7 9. Nxd6 cxd6 10. Bb5 h6 11. Bxf6+ Nxf6 12. f3 Be6 13. Kb1 g5 14.
Ne2 g4 15. Bd3 gxf3 16. gxf3 Rag8 17. Rhg1 Bh3 18. Rg3 Bg2 19. Ng1 Nh5 20. Rg4
Nf4 21. Bf1 Rxg4 22. fxg4 Bxe4 23. Ne2 Bf3 24. Rd2 Bxe2 25. Bxe2 Nxe2 26. Rxe2
Rg8 0-1

[Event "Torneo Distrito Chamartin 2015"]
[Site "Madrid ESP"]
[Date "2015.09.07"]
[Round "2.10"]
[White "Fernandez Lledo, Javier"]
[Black "Santos Garay-Cordovil, Salvado"]
[Result "1-0"]
[WhiteElo "2286"]
[BlackElo "1897"]
[PlyCount "113"]
[EventDate "2015.09.06"]
[EventType "swiss"]
[EventRounds "9"]
[EventCountry "ESP"]
[SourceTitle "Ajedrez en Madrid"]
[Source "lmi"]
[SourceDate "2015.09.06"]
[SourceVersion "1"]
[SourceVersionDate "2015.09.17"]
[SourceQuality "1"]

1. e4 c5 2. Nf3 Nc6 3. Bb5 e6 4. Bxc6 bxc6 5. d3 d5 6. e5 Ne7 7. O-O Nf5 8. c4
Be7 9. Nc3 O-O 10. Na4 Qc7 11. b3 Nd4 12. Re1 f6 13. Nxd4 cxd4 14. cxd5 fxe5
15. dxc6 Qxc6 16. Rxe5 Bd6 17. Re4 Qc7 18. Rh4 Qf7 19. Qe2 Bb7 20. Bb2 e5 21.
Rc1 Rac8 22. Rxc8 Rxc8 23. f3 Qf5 24. Qd2 Be7 25. Rg4 h5 26. Rg3 Rc6 27. b4 Ba6
28. f4 exf4 29. Rf3 g5 30. Bxd4 Re6 31. Nc5 Bxc5 32. Bxc5 Bb7 33. Rf2 Qd5 34.
Re2 Rf6 35. Qc3 Re6 36. Qd2 Rf6 37. Re8+ Kg7 38. Qb2 Kg6 39. Re5 Qc6 40. b5 Qd7
41. Qb3 Rf7 42. d4 f3 43. Qe6+ Qxe6 44. Rxe6+ Kg7 45. gxf3 Bxf3 46. Ra6 Bd5 47.
a4 Bc4 48. Rxa7 Rxa7 49. Bxa7 Kf6 50. Kf2 Kf5 51. Ke3 g4 52. Bb8 h4 53. d5 Bxd5
54. Kd4 Bb3 55. Kc5 Ke4 56. b6 Kf3 57. a5 1-0

[Event "Torneo Distrito Chamartin 2015"]
[Site "Madrid ESP"]
[Date "2015.09.08"]
[Round "3.1"]
[White "Vazquez Igarza, Renier"]
[Black "Rodriguez Melendez, Juan Humbe"]
[Result "1-0"]
[WhiteElo "2560"]
[BlackElo "2130"]
[PlyCount "38"]
[EventDate "2015.09.06"]
[EventType "swiss"]
[EventRounds "9"]
[EventCountry "ESP"]
[SourceTitle "Ajedrez en Madrid"]
[Source "lmi"]
[SourceDate "2015.09.06"]
[SourceVersion "1"]
[SourceVersionDate "2015.09.17"]
[SourceQuality "1"]

1. d4 Nf6 2. Nf3 g6 3. g3 Bg7 4. Bg2 O-O 5. O-O d6 6. c4 Nc6 7. Nc3 a6 8. Bf4
Bf5 9. Rc1 Qd7 10. d5 Na5 11. b3 c5 12. Qd2 b5 13. e4 Bg4 14. e5 Nh5 15. Bh6
Qf5 16. Bxg7 Kxg7 17. Nh4 Qxe5 18. cxb5 axb5 19. Nxb5 Qe2 1-0

[Event "Torneo Distrito Chamartin 2015"]
[Site "Madrid ESP"]
[Date "2015.09.08"]
[Round "3.2"]
[White "Alfaya Marcelo, Roberto"]
[Black "Roa Alonso, Santiago"]
[Result "0-1"]
[WhiteElo "2164"]
[BlackElo "2383"]
[PlyCount "126"]
[EventDate "2015.09.06"]
[EventType "swiss"]
[EventRounds "9"]
[EventCountry "ESP"]
[SourceTitle "Ajedrez en Madrid"]
[Source "lmi"]
[SourceDate "2015.09.06"]
[SourceVersion "1"]
[SourceVersionDate "2015.09.17"]
[SourceQuality "1"]

1. d4 Nf6 2. c4 e6 3. Nc3 Bb4 4. Qc2 O-O 5. a3 Bxc3+ 6. Qxc3 b6 7. Bg5 Bb7 8.
e3 d6 9. Ne2 Nbd7 10. Qd3 d5 11. cxd5 exd5 12. Nc3 c5 13. dxc5 Nxc5 14. Qc2 d4
15. exd4 Ne6 16. Be3 Nxd4 17. Qd3 Nb3 18. Qxd8 Raxd8 19. Rd1 Ng4 20. Bc4 Nxe3
21. fxe3 Rxd1+ 22. Nxd1 Bxg2 23. Rg1 Na5 24. Bxf7+ Rxf7 25. Rxg2 Nc4 26. Rc2 b5
27. a4 Rd7 28. Rc3 a6 29. axb5 axb5 30. b3 Ne5 31. Ke2 Ra7 32. Rc8+ Kf7 33. Nc3
b4 34. Na4 Ra6 35. Rb8 Rc6 36. Rxb4 Rc2+ 37. Kf1 Rxh2 38. Nc5 g5 39. Rb7+ Kg6
40. Ne6 g4 41. Nf8+ Kf5 42. Rxh7 Rb2 43. Rh5+ Ke4 44. Ne6 Nf3 45. Ng5+ Kxe3 46.
Nxf3 Kxf3 47. Rf5+ Kg3 48. Rf8 Rb1+ 49. Ke2 Rxb3 50. Rg8 Rf3 51. Rg7 Rf5 52.
Rg8 Kh3 53. Rh8+ Kg2 54. Rg8 Re5+ 55. Kd2 g3 56. Rg7 Kf2 57. Rf7+ Kg1 58. Ra7
g2 59. Rf7 Kh2 60. Rh7+ Kg3 61. Rg7+ Kf3 62. Rf7+ Kg4 63. Rg7+ Rg5 0-1

[Event "Torneo Distrito Chamartin 2015"]
[Site "Madrid ESP"]
[Date "2015.09.08"]
[Round "3.3"]
[White "Palenciano Escolar, Adrian"]
[Black "Martin Duque, Jesus"]
[Result "1/2-1/2"]
[WhiteElo "2120"]
[BlackElo "2374"]
[PlyCount "61"]
[EventDate "2015.09.06"]
[EventType "swiss"]
[EventRounds "9"]
[EventCountry "ESP"]
[SourceTitle "Ajedrez en Madrid"]
[Source "lmi"]
[SourceDate "2015.09.06"]
[SourceVersion "1"]
[SourceVersionDate "2015.09.17"]
[SourceQuality "1"]

1. e4 Nf6 2. e5 Nd5 3. c4 Nb6 4. d4 d6 5. exd6 cxd6 6. Nc3 g6 7. Be3 Bg7 8. Rc1
O-O 9. b3 Bf5 10. Bd3 Bxd3 11. Qxd3 Nc6 12. Nge2 d5 13. c5 Nc8 14. O-O e6 15.
b4 N8e7 16. Rb1 Nf5 17. Rfd1 Qh4 18. Qd2 h6 19. f4 Nxe3 20. Qxe3 Ne7 21. g3 Nf5
22. Qf3 Qd8 23. Rd3 g5 24. fxg5 hxg5 25. Rf1 Qe7 26. Nd1 a5 27. b5 a4 28. Ne3
Nxe3 29. Rxe3 Ra5 30. b6 Re8 31. Rb1 1/2-1/2